| 000 | 01029nam a2200289 i 4500 | ||
|---|---|---|---|
| 003 | EG-GICUC | ||
| 005 | 20260129002230.0 | ||
| 008 | 260129s1917 uk |||fr |||| 000 0enge d | ||
| 040 |
_aEG-GiCUC _beng _cEG-GiCUC _dEG-GiCUC _eRda |
||
| 082 | 0 | 4 |
_221 _a341.83 _bTH . E |
| 092 | 0 | 4 | _221 |
| 099 | _aLaw1 12 341.83 TH . E 1917 | ||
| 100 | 1 |
_aThompson, Keith S. _eAuthor. |
|
| 245 | 1 | 0 |
_aEnglish Law and Practice Relating to Estates of Persons Dying Domiciled Abroad in Non-contentious Matters / _cKeith S. Thompson. _b |
| 264 | 1 |
_aLondon : _bStevens and Sons, Limited, _c1917. |
|
| 300 |
_a95page : _billustration ; _c 24 cm. |
||
| 336 |
_2rda contenu _a texte |
||
| 337 |
_2rda medias _aOrdinateur |
||
| 338 |
_2 transporteur rda _a Ressource en ligne |
||
| 504 | _aIncludes bibliographical references and index. | ||
| 546 | _aText in English | ||
| 650 | 1 | 4 |
_aPrivate international law _2 |
| 651 | 1 | _2 | |
| 856 | 4 | 0 | _uhttps://fll.law.cu.edu.eg/fulltext/bks/B12-02030.pdf |
| 905 | _a50 | ||
| 942 |
_2ddc _cBK _e21 _n0 |
||
| 999 |
_c60024 _d60024 |
||